Normal view
MARC view
- ELECTIC ENGINEERING INSURANCE REQUIREMENTS
Entry Topical Term
001 - CONTROL NUMBER
- control field: 66251
003 - CONTROL NUMBER IDENTIFIER
- control field: NUST
005 - DATE AND TIME OF LATEST TRANSACTION
- control field: 20210628203546.0
008 - FIXED-LENGTH DATA ELEMENTS
- fixed length control field: 210628|| aca||aabn | a|a d
040 ## - CATALOGING SOURCE
- Original cataloging agency: NUST
- Transcribing agency: NUST
150 ## - HEADING--TOPICAL TERM
- Topical term or geographic name entry element: ELECTIC ENGINEERING INSURANCE REQUIREMENTS
670 ## - SOURCE DATA FOUND
- Source citation: Work cat.: (NUST): Stalleup, James G 66250, Illutrated changes , of the 1990 nec, 1989
